000 01205nam a22001457a 4500
999 _c527777
_d527777
008 240924b ||||| |||| 00| 0 eng d
100 _aKodikara, Chulani
_958293
245 _aComposing violence: The limits of exposure and the making of minorities
260 _aSocial &Legal Studies
300 _a33(4), Aug, 2024: p.674-677
520 _aMoyukh Chatterjee's Composing Violence opens with a scene not unfamiliar to many of us living in South Asia—corpses on the street; bodies shrouded in white sheets; shops, garages and houses reduced to charred black holes; and survivors like ghosts amidst the carnage. He is writing about Gujarat in the aftermath of the pogrom of 2002. Taking this scene as his point of departure, Chatterjee asks us to consider the pogrom as a technology of power and what work it does in contemporary democratic politics. He suggests that such spectacular, periodical violence whether in India or elsewhere, is not an aberration or an exception. Rather, it is constitutive of majoritarian democratic politics.- Reproduced https://journals.sagepub.com/doi/full/10.1177/09646639231216103
773 _aSocial & Legal Studies
906 _aBook Review
942 _cAR